Statistics for Major World Leaders

Click here to take the quiz!

General Stats

  • This quiz has been taken 11 times
  • The average score is 6 of 23

Answer Stats

CountryLeader% Correct
FranceEmmanuel Macron
100%
USAJoe Biden
100%
ChinaXi Jinping
100%
North KoreaKim Jong Un
78%
UKRishi Sunak
67%
CanadaJustin Trudeau
56%
TurkeyRecep Tayyip Erdoğan
56%
UkraineVolodymyr Zelenskyy
33%
Saudi ArabiaMohammed bin Salman
11%
IranAli Khamenei
0%
MexicoAndrés Obrador
0%
South AfricaCyril Ramaphosa
0%
IndiaDroupadi Murmu
0%
GermanyFrank Steinmeier
0%
JapanFumio Kishida
0%
AustraliaHon Anthony Albanese
0%
NorwayJonas Gahr Støre
0%
UAEMohammed bin Zayed
0%
NigeriaMuhammadu Buhari
0%
SpainPedro Sánchez
0%
ItalySergio Mattarella
0%
RussiaVladmir Putin
0%
South KoreaYoon Suk Yeol
0%

Score Distribution

Percentile by Number Answered

Percent of People with Each Score

Your Score History

You have not taken this quiz